Museo itinerate de la madera : Escuela de Museo de la Madera
Guardado en:
| Hovedforfatter: | |
|---|---|
| Andre forfattere: | |
| Format: | Ukendt |
| Sprog: | Spanish |
| Udgivet: |
[San José, Costa Rica],
2014
|
| Fag: | |
| Tags: |
Tilføj Tag
Ingen Tags, Vær først til at tagge denne postø!
|
MARC
| LEADER | 00000 a2200000 4500 | ||
|---|---|---|---|
| 003 | EA0099 | ||
| 005 | 20230222151331.0 | ||
| 008 | 140114s2014 cr | 000 ||spa d | ||
| 040 | |c cru CEDI | ||
| 090 | |a TFG EA-099 | ||
| 100 | |a Kwan Brenes, Kenny |9 20150 | ||
| 245 | |a Museo itinerate de la madera : Escuela de Museo de la Madera | ||
| 246 | |a Museo itinerante de la madera | ||
| 260 | |a [San José, Costa Rica], |c 2014 | ||
| 500 | |a Proyecto de graduación (licenciatura en arquitectura)--Universidad de Costa Rica. Facultad de Ingeniería. Escuela de Arquitectura | ||
| 501 | |a Director de Proyecto de Graduación: Dr. Arq. José Aquiles Villarreal Montoya | ||
| 650 | |x ARQUITECTURA DE MUSEOS - DISEÑOS Y PLANOS |x DISEÑO ARQUITECTONICO |x MADERA |9 20151 | ||
| 700 | |a Villarreal Montoya, José Aquiles, 1959- |d Director del TFG |9 84 | ||
| 942 | |c CEDI | ||
| 999 | |c 11802 |d 11802 | ||
